Transpersonální koučink

Pojem transpersonálny koučing. Prečo začína byť populárny. Metódy transpersonálneho koučingu. Finančná efektívnosť.

Guardado en:
Detalles Bibliográficos
Autor principal: Halama, Vladimír
Formato: Capítulo de libro
Lenguaje:checo
Materias:
Etiquetas: Agregar Etiqueta
Sin Etiquetas, Sea el primero en etiquetar este registro!

MARC

LEADER 00000naa a2200000 4500
001 0117539
005 20231113132251.3
041 0 |a cze 
044 |a CZ 
245 1 0 |a Transpersonální koučink  |c Vladimír Halama 
520 |a Pojem transpersonálny koučing. Prečo začína byť populárny. Metódy transpersonálneho koučingu. Finančná efektívnosť. 
610 2 0 |a koučovanie 
610 2 0 |a metódy 
610 2 0 |a psychológia 
100 1 |a Halama, Vladimír